000
00313nam a22001457a 4500
008
210311b ||||| |||| 00| 0 eng d
020
_a
9780324662962
041
_a
eng
080
_a
330.722.6
082
_a
330.722.6
100
_a
61
101
_a
KF
245
_a
Accounting
_c
Warren, C. S
942
_2
udc
_c
BK
999
_c
56402
_d
56402